000 00891nas a2200301 4500
001 BR8701696
003 BR-BrBNA
005 20231205090616.0
007 ta
008 230509b bl.|||p| |||| 00| 00por d
040 _aBR-BrBNA
_bpor
_cBiblioteca Nacional de Agricultura
041 _a(Pt)
072 _aP10
100 1 _aTakino, M.
100 1 _aMaier, M.H.
100 1 _aStempniewiski, H.L.
245 1 _aCaracteristicas fisicas e quimicas da agua em ambiente de altitude elevada - Campos do Jordao - Sao Paulo
650 _aQUIMICA DA AGUA
650 _aFISICA DA AGUA
650 _aAGUA
650 _aPH
650 _aALCALINIDADE
650 _aLIMNOLOGIA
650 _aCAMPOS DE JORDAO
773 0 _tBoletim do Instituto de Pesca (Brazil)
_xISSN 0046-9939
_g(Dec 1984), v. 11 p. 1-12
_wBR8701696
909 _a202311
_bLúcia
_c55
_dLúcia Elande
942 _2AGRIS
_n0
_cANA
999 _c119724
_d119724